Statistiques concernant Game of thrones : les personnages morts dans la série

Cliquez ici pour prendre le quiz!

Statistiques générales

  • Ce quiz a été pris 630 fois
    (377 depuis la dernière actualisation)
  • Le résultat moyen est 65 sur 180

Statistiques - réponses

IndiceRépons% Correct
Mari de Daenerys TargaryenKhal Drogo
90%
Lord de WinterfellEddard Stark
89%
Roi des 7 couronnesRobert Baratheon
85%
Roi des 7 couronnes empoisonné à son mariageJoffrey Baratheon
83%
Femme d'Eddard StarkCatelyn Stark
82%
Louve de SansaLady
82%
Roi du NordRobb Stark
82%
Héritier des TargaryenViserys Targaryen
81%
Première reine des sept couronnes après avoir fait exploser le séptuaire de BaelorCersei Lannister
80%
Mère des dragonsDaenerys Targaryen
80%
Le régicideJaime Lannister
78%
Main du roiJon Arryn
78%
Frère de Robert ayant sauvé la garde de nuit de l'invasion des sauvageonsStannis Baratheon
76%
Lord des LannisterTywin Lannister
76%
SchlingueTheon Greyjoy
75%
A eu la moitié du visage brûlé par son frèreSandor Clegane
74%
Saison8Dernier seigneur d’Âtre-les-ConfinsNed Omble
73%
Jeune frère de Robert BaratheonRenly Baratheon
73%
Amante de Jon SnowYgritte
72%
Prince de Dorne tué par la MontagneOberyn Martell
71%
Cadet des fils StarkRickon Stark
71%
Demi-géant portant souvent Bran StarkHodor
70%
Meurtrier d'Elia MartellGregor Clegane
69%
Fils bâtard légitimé de Roose BoltonRamsay Bolton
69%
Roi des 7 couronnes après le décès de son frèreTommen Baratheon
69%
Catin et amante de Tyrion LannisterShae
68%
L'araignéeVarys
68%
Chef des marcheurs blancsLe Roi de la Nuit
66%
Femme de Petyr Baelish et mère de Robin ArrynLysa Arryn
66%
Soigné de la grisécaille, il revient au service de Daenerys TargaryenJorah Mormont
65%
Chevalier des fleursLoras Tyrell
65%
De l’île de NaathMissandei
65%
Frère de Ned StarkBenjen Stark
64%
Loup de Brandon StarkÉté
64%
La femme rougeMélisandre
64%
Joueur redoutable au jeu des trônesPetyr Baelish
64%
Fille de Cersei et JaimeMyrcella Baratheon
63%
Bâtard de Ned StarkJon Snow
62%
Lady de HautjardinOlenna Tyrell
62%
Loup de RobbVent-gris
62%
Dragon couleur OrViserion
62%
Gouverneur du Nord et Lord des BoltonRoose Bolton
61%
999ème lord-commandant de la Garde de NuitEddison Tallett
59%
Seigneure de l’île aux OursLyanna Mormont
59%
Soeur de Ned Stark (flashback)Lyanna Stark
59%
Roi des îles des FerBalon Greyjoy
58%
Reine des 7 couronnesMargaery Tyrell
58%
Sauvageonne protégeant Rickon StarkOsha
58%
Lord des JumeauxWalder Frey
58%
Fils de Kevan Lannister, dévot de la religion des SeptsFrère Lancel
56%
Fille du roi Stannis BaratheonShôren Baratheon
55%
Roi d'au dela du MurMance Rayder
54%
Mestre de ChateaunoirMestre Aemon
54%
Mestre de WinterfellMestre Luwin
54%
Amiral de la flotte de ferEuron Greyjoy
53%
Lord-commandant de la garde de nuitJeor Mormont
53%
Maître à danserSyrio Forel
53%
Dragon de couleur verteRhaegal
52%
Reine du NordTalisa Stark
51%
Ancien lord commandant de la garde royale, il entre au service de Daenerys TargaryenBarristan Selmy
50%
Sauvageon vivant avec ses femmes/fillesCraster
49%
Chef de la Foi MilitanteLe grand Moineau
49%
Leader de la fraternité sans bannière, réssucité juste après | Mort pour la septième foisBéric Dondarrion
48%
Femme de Stannis BaratheonSelyse Baratheon
48%
Amante d'Oberyn Martell (mort non montrée à l'écran)Ellaria Sand
47%
Grand-Mestre de Port-RéalGrand-Mestre Pycelle
47%
Vieil homme vervoyant guidant Bran Stark dans ses rêvesCorneille à trois yeux
46%
Jeune recrue de la Garde de Nuit ayant poignardé Jon SnowOlly
46%
Catin venant du nord, au service de LittlefingerRos
46%
Vervoyant guidant Bran Stark au nord du MurJojen Reed
44%
Main du Roi après Tywin LannisterKevan Lannister
44%
Lord des TyrellMace Tyrell
44%
Aspic des sables se battant avec un fouetNymeria Sand
44%
Fille de Walder Frey et femme de Lord BoltonWalda Bolton
44%
Ancien mestre, soigne la main de Jaime LannisterQyburn
42%
Prêtre rouge et membre de la fraternité sans bannièresThoros de Myr
41%
Loup de Rickon StarkBroussailles
39%
Membre de la garde royale, tué à Braavos par Arya StarkMeryn Trant
37%
Saison4Soldat Lannister ayant pris Aiguille à Arya StarkPolliver
37%
Oncle de Catelyn Stark ayant tenu Vivesaigues après les Noces PourpresBrynden Tully
36%
Fils du boucherMycah
35%
Saison7Aspic des sables se battant avec une lanceObara Sand
35%
Prince et gouverneur de DorneDoran Martell
34%
Premier-Patrouilleur de la Garde de NuitAlliser Thorne
33%
Ami de Jon Snow tué d'une flèche dans le couPyp
33%
Maître d'armes de WinterfellRodrik Cassel
33%
Héritier de CorcollineDickon Tarly
31%
Enfant de la fôretFeuille
31%
Capitaine de la garde d'Eddard StarkJory Cassel
30%
Géant ayant suivi Tormund après DurlieuWun Weg Wun Dar Wun
30%
Recruteur de la Garde de NuitYoren
30%
Fils de Daenerys Targaryen et de son mariRhaego
29%
Lord des KarstarkRickard Karstark
29%
Septa de SansaSepta Mordane
29%
Patrouilleur de la Garde de Nuit et ami de Jon, tué dans le tunnel de ChâteaunoirGrenn
28%
Concubine de Ramsay BoltonMyranda
28%
Patrouilleur de la Garde de Nuit tué par Jon SnowQhorin Mimain
28%
Héritier du gouverneur de DorneTrystane Martell
28%
Septa chargée de faire expier ses pêchés à Cersei Lannister (mort non montrée à l'écran)Septa Unella
27%
Saison3Lord des TullyHoster Tully
26%
Sorcière brulée par Daenerys TargaryenMirri Maz Duur
26%
Lord de Corcolline et père de SamRandyll Tarly
26%
Dignitaire de Qarth ayant volé les dragons, enfermé dans son coffreXaro Xhoan Daxos
25%
Ancien Commandant du Gué, exécuté par Jon SnowJanos Slynt
24%
Sans-Visage au service du dieu Multiface à Braavos vouant une grande animosité envers Arya StarkL'Orpheline
24%
Fils de Davos MervaultMatthos Mervault
23%
Aspic des sables morte empoisonnée au donjon rougeTyene Sand
23%
Membre de la garde royale de Rhaegar Targaryen (flashback)Arthur Dayne
22%
Tortionnaire d'Harrenhal, premier nom donné à Jaqen par Arya StarkLe Titilleur
22%
Servante Dothraki de Daenerys TargaryenIrri
21%
Chasseur des Bolton envoyé pour trouver Bran et Rickon StarkLocke
21%
Mutin de la Garde de Nuit tué par FantômeRast
21%
Patrouilleur de la Garde de Nuit éxécuté par Lord StarkWill
21%
Servante de Daenerys Targaryen enfermée avec luiDoreah
17%
Ecuyer de Jon ArrynHugh du Val
17%
Femme de Walder FreyJoyeuse Erenford
17%
Khal ayant amené Daenerys Targaryen au Dosh KhaleenKhal Moro
17%
Ami d'Arya Stark, tué par PolliverLommy
17%
Jeune écuyer Lannister tué par les KarstarkMartyn Lannister
17%
Bâtard de Walder FreyWalder le Noir
17%
Fou du roi aidant Sansa Stark à s'enfuir de Port-RéalDontos Hollard
16%
Chef des mutins de la Garde de Nuit au manoir de CrasterKarl Tanner
16%
Chef sauvageon ayant amené Jon Snow au roi d'au dela du MurClinquefrac
15%
Actrice de théatre, jouant à BraavosLady Cigogne
15%
Roi des Géants, tué dans le tunnel de ChâteunoirMag Mar Tun Doh Weg
15%
Conjurateur de l'hôtel des non-mourrantsPyat Pree
15%
Lord des OmbleP'tit Jon Omble
14%
Dernière membre de la maison KarstarkAlys Karstark
13%
Dignitaire de Meereen marié à Daenerys TargaryenHizdahr zo Loraq
13%
Fils boiteux de Walder FreyLothar Frey
13%
Change-peau sauvageonOrell
13%
Chevalier au service de Tywin Lannister, second nom donné a Jaqen par Arya StarkAmory Lorch
12%
Frère de la reine Selyse BaratheonAxell Florent
12%
Esclavagiste d'AstaportKraznys mo Nakloz
12%
Homme de la Fraternité sans bannières pendu par le LimierLem
12%
Saison1Patrouilleur de la Garde de Nuit tué par un marcheur blancWaymar Royce
12%
Jeune Lannister tué par les KarstarkWillem Lannister
12%
Saison6Commandant de la garde de Lancéhelion à DorneAreo Hotah
11%
Bâtarde de Robert Baratheon avec MhaegenBarra
11%
Dirigeants de QarthLes Treize
11%
Saison2Mestre de Stannis BaratheonMestre Cressen
11%
Sang-coureur de Daenerys TargaryenRakharo
11%
Ancien prisonnier à Harrenhal tué par Arya StarkRorge
11%
Magnar des ThennStyr
11%
Champion du val lors du procès de Tyrion Lannister aux EyriéVardis Egen
11%
Septon ayant recuielli et soigné le LimierFrère Ray
10%
Sang-coureur de Khal DrogoQotho
10%
Saison5Immaculé egorgé dans un bordelRat Blanc
10%
Lord des KarstarkHarald Karstark
9%
Lord commandant de la garde royale de Rhaegar Targaryen (flashback)Gerold Hightower
8%
Capitaine de la Compagnie DoréeHarry Strickland
8%
Patrouilleur de la Garde de Nuit tué par un marcheur blancGared
7%
Jeune orphelin de Winterfell envoyé dans une ferme, tué par Theon GreyjoyJack
7%
Ancien prisonnier à Harrenhal tué par le LimierMordeur
7%
Chef des Dothrakis après leur allégeance à Daenerys TargaryenQhono
7%
Fils Karstark etranglé par le regicideTorrhen Karstark
7%
Cousin de Jaime LannisterAlton Lannister
6%
Frère de celui-ci, également tué par Theon. Il est fait passé pour les jeunes StarkBilly
6%
Premier-Intendant de la Garde de NuitBowen Marsh
6%
Sauvageonne morte à DurlieuKarsi
6%
Ancien esclave de Meereen, exécuté par Daenerys TargaryenMossador
6%
Concubine de Ramsay Snow dévorée par ses chiensTansy
6%
Garde royal, tentant de tuer Tyrion Lannister lors de la bataille de la NéraMandon Moore
5%
Homme de la Fraternité sans bannières tué par le LimierMorgan
5%
Haut-dignitaire de YunkaïRazdal mo Eraz
5%
Géant tué lors de la bataille du MurDongo
4%
Magnar des Thenn à DurlieuLoboda
4%
Capitaine des PuinésMero de Braavos
4%
Mestre de LancéhélionMestre Caleotte
4%
Premier-Constructeur de la Garde de NuitOthell Yarwyck
4%
Fils de Lord Wyman ManderlyWendel Manderly
4%
Haut-dignitaire de VolantisBelicho Paenymion
3%
Homme de la Fraternité sans bannières tué par le LimierGatins
3%
Homme de la Garde de Nuit tué dans le tunnel de ChâteaunoirDonnel Hill
2%
Capitaine des PuinésPrendahl na Ghezn
2%
Fer-né ecorché par Ramsay Bolton alors qu'il s'etait renduAdrack Humble
1%
Homme de la Garde de Nuit tué dans le tunnel de ChâteaunoirCooper
1%
Chef Fer-né tenant Moat-CailinRalf Kenning
1%
Soldat Lannister tué par Vent-Gris à la bataille de CroixboeufRennick
1%

Distribution des résultats

Percentile par nombre de réponses

% des personnes avec chaque résultat

Votre développement - résultats

Vous n’avez pas pris ce quiz depuis la dernière actualisation